| LEADER 00000nam 2200000uu 4500 |
| 001 13399137007 |
| 003 ULIBM |
| 008 260429s2569||||th 000 0 tha d |
| 020 ^a9786166315646 |
| 050 4 ^aRA967^b.ก726 2569 |
| 100 0 ^aกุลธิดา แสงนิล. |
| 245 10 ^aหลักการออกแบบสถาปัตยกรรมโรงพยาบาล :^bแผนกผู้ป่วยนอก /^cกุลธิดา แสงนิล วีระภัทร์ กระหม่อมทอง และ นรมน ปัญจปิยะกุล. |
| 246 11 ^aPrinciples of Hospital Architecture Design :^bOutpatient Department. |
| 260 ^aกรุงเทพฯ :^bโรงพิมพ์เดือนตุลา,^c2569. |
| 300 ^a312 หน้า. |
| 505 0 ^a1 บทนำ -- 2 พัฒนาการด้านกายภาพแผนกผู้ป่วยนอก -- 3 หลักการ ข้อพิจารณา และข้อกำหนดที่เกี่ยวข้องในการออกแบบแผนกผู้ป่วยนอก -- 4 ลักษณะเฉพาะของคลินิกในแผนกผู้ป่วยนอกที่ส่งผลต่อการออกแบบ -- 5 ลักษณะทางกายภาพของพื้นที่ต่าง ๆ ในแผนกผู้ป่วยนอก -- 6 การกำหนดรายละเอียดส่วนประกอบทางกายภาพอื่น ๆ -- 7 งานระบบวิศวกรรมประกอบอาคารที่เกี่ยวข้อง -- 8 บทส่งท้าย แนวโน้มที่ส่งผลต่อการออกแบบแผนกผู้ป่วยนอก |
| 650 7 ^aอาคารโรงพยาบาล^xการออกแบบและการสร้าง. |
| 650 7 ^aโรงพยาบาล^xการออกแบบและการสร้าง. |
| 650 7 ^aโรงพยาบาล^xการออกแบบตกแต่ง. |
| 700 0 ^aวีระภัทร์ กระหม่อมทอง. |
| 700 0 ^aนรมน ปัญจปิยะกุล. |
| 999 ^aปวีนา มาลยาภรณ์ |